| 000 | 00719nam a2200181Ia 4500 | ||
|---|---|---|---|
| 008 | 090124s9999 xx 000 0 und d | ||
| 082 | _b37611 | ||
| 100 | _aगायकवाड लक्ष्मण | ||
| 245 | _a साहित्य समाज आणि स्वातंत्र्य | ||
| 250 | _a1 | ||
| 260 |
_bदिलीप प्रकाशन _c2001 |
||
| 300 | _a140 | ||
| 600 | _aगायकवाड लक्ष्मण | ||
| 630 | _a साहित्य समाज आणि स्वातंत्र्य | ||
| 700 | _aगायकवाड लक्ष्मण | ||
| 730 | _a साहित्य समाज आणि स्वातंत्र्य | ||
| 942 | _cBOOK | ||
| 999 |
_c103679 _d103679 |
||